[Event "AUT-chT2M 1920"]
[Site "Austria"]
[Date "2020.01.12"]
[Round "9.4"]
[White "Webersberger, Johann"]
[Black "Wanderer, Thomas"]
[Result "1-0"]
[WhiteElo "2367"]
[BlackElo "2229"]
[PlyCount "47"]
[EventDate "2019.10.11"]
[EventType "team-tourn"]
[EventRounds "11"]
[EventCountry "AUT"]
[SourceTitle "CBM 194 Extra"]
[Source "ChessBase"]
[SourceDate "2020.03.31"]
[SourceVersion "1"]
[SourceVersionDate "2020.03.31"]
[SourceQuality "1"]
[WhiteTeam "Grieskirchen/Bad Schallenberg"]
[BlackTeam "Gleisdorf"]
[WhiteTeamCountry "AUT"]
[BlackTeamCountry "AUT"]

1. c4 c5 2. Nc3 Nf6 3. g3 Nc6 4. Nf3 d5 5. cxd5 Nxd5 6. Bg2 Nc7 7. 0-0 e5 8. a3 f6 9. d3 Be6 10. Be3 Qd7 11. Rc1 b6 12. b4 Nd4 13. bxc5 Bxc5 14. Bxd4 exd4 15. Na4 Rd8 16. Nxc5 bxc5 17. Rxc5 0-0 18. Nxd4 Bd5 19. Rxc7 Qxc7 20. Bxd5+ Rxd5 21. Ne6 Qd7 22. Nxf8 Kxf8 23. Qc2 Rh5 24. Rc1 1-0

[Event "AUT-chT2M 1920"]
[Site "Austria"]
[Date "2020.01.10"]
[Round "7.4"]
[White "Wanderer, Thomas"]
[Black "Teuschler, Barbara"]
[Result "1-0"]
[WhiteElo "2229"]
[BlackElo "2119"]
[PlyCount "73"]
[EventDate "2019.10.11"]
[EventType "team-tourn"]
[EventRounds "11"]
[EventCountry "AUT"]
[SourceTitle "CBM 194 Extra"]
[Source "ChessBase"]
[SourceDate "2020.03.31"]
[SourceVersion "1"]
[SourceVersionDate "2020.03.31"]
[SourceQuality "1"]
[WhiteTeam "Gleisdorf"]
[BlackTeam "Graz Schachfreunde"]
[WhiteTeamCountry "AUT"]
[BlackTeamCountry "AUT"]

1. Nf3 Nf6 2. c4 b6 3. b3 Bb7 4. Bb2 e6 5. g3 Be7 6. Bg2 0-0 7. 0-0 d6 8. d4 Nbd7 9. Nc3 Ne4 10. Qd3 Nxc3 11. Bxc3 Bf6 12. Ng5 Bxg5 13. Bxb7 Rb8 14. Bc6 Bf6 15. f4 Qe7 16. e4 Rbd8 17. Qf3 e5 18. fxe5 dxe5 19. d5 Nb8 20. Ba4 c5 21. a3 Na6 22. Rf2 Bg5 23. h4 Bh6 24. Re1 g6 25. Qg4 Bg7 26. Ref1 Rd6 27. Bd2 Nc7 28. Bg5 f6 29. Be3 f5 30. exf5 gxf5 31. Rxf5 Rg6 32. Rxf8+ Bxf8 33. Qf3 Bg7 34. Bg5 Qd6 35. Qf7+ Kh8 36. Kg2 h6 37. Be7 1-0

[Event "AUT-chT2M 1920"]
[Site "Austria"]
[Date "2019.11.08"]
[Round "4.3"]
[White "Wanderer, Thomas"]
[Black "Taggatz, Mario"]
[Result "0-1"]
[WhiteElo "2229"]
[BlackElo "2207"]
[PlyCount "96"]
[EventDate "2019.10.11"]
[EventType "team-tourn"]
[EventRounds "11"]
[EventCountry "AUT"]
[SourceTitle "CBM 192 Extra"]
[Source "Chessbase"]
[SourceDate "2019.11.06"]
[SourceVersion "1"]
[SourceVersionDate "2019.11.06"]
[SourceQuality "1"]
[WhiteTeam "Gleisdorf"]
[BlackTeam "Sauwald"]
[WhiteTeamCountry "AUT"]
[BlackTeamCountry "AUT"]

1. Nf3 d5 2. c4 dxc4 3. Na3 a6 4. Nxc4 b5 5. Ne3 Bb7 6. g3 e6 7. Bg2 Nd7 8. 0-0 Ngf6 9. a4 c5 10. b3 Be7 11. Bb2 0-0 12. d3 Qb6 13. Ra2 Nd5 14. Nxd5 Bxd5 15. e4 Bc6 16. Qe2 Rfd8 17. d4 Bb7 18. Rc1 Rac8 19. a5 Qa7 20. Bh3 cxd4 21. Rxc8 Rxc8 22. Nxd4 Nf8 23. Ra1 Bc5 24. Nf3 Bxf2+ 25. Kf1 Qe3 26. Re1 Qxe2+ 27. Rxe2 Bc5 28. Bc3 Be7 29. Be1 Rc1 30. Bg2 Bb4 31. Kf2 Bc5+ 32. Kf1 f6 33. e5 Bd5 34. Nd2 Bxg2+ 35. Kxg2 Rc2 36. Kf3 f5 37. g4 fxg4+ 38. Kxg4 Bb4 39. Re4 Bxd2 40. Re2 Nd7 41. Bxd2 Nc5 42. b4 Nb3 43. Re3 Nxd2 44. Rd3 Nc4 45. Rd8+ Kf7 46. Rd7+ Kg6 47. Ra7 Nxe5+ 48. Kg3 Rc6 0-1

[Event "AUT-chT2M 1920"]
[Site "Austria"]
[Date "2019.10.12"]
[Round "2.4"]
[White "Koller, Hans Juergen"]
[Black "Wanderer, Thomas"]
[Result "1-0"]
[WhiteElo "2173"]
[BlackElo "2229"]
[PlyCount "79"]
[EventDate "2019.10.11"]
[EventType "team-tourn"]
[EventRounds "11"]
[EventCountry "AUT"]
[SourceTitle "CBM 192 Extra"]
[Source "Chessbase"]
[SourceDate "2019.11.06"]
[SourceVersion "1"]
[SourceVersionDate "2019.11.06"]
[SourceQuality "1"]
[WhiteTeam "Freistadt/Wartberg"]
[BlackTeam "Gleisdorf"]
[WhiteTeamCountry "AUT"]
[BlackTeamCountry "AUT"]

1. Nf3 c5 2. c4 Nf6 3. b3 g6 4. Bb2 Bg7 5. g3 b6 6. Bg2 Bb7 7. 0-0 0-0 8. d4 cxd4 9. Nxd4 Bxg2 10. Kxg2 d5 11. Na3 dxc4 12. Nxc4 Qd5+ 13. Kg1 Na6 14. Qd3 Rfd8 15. Rfd1 Rd7 16. Qf3 Qxf3 17. Nxf3 Rc8 18. Kg2 Nc5 19. Rxd7 Nfxd7 20. Bxg7 Kxg7 21. Rd1 Nf8 22. Nd4 f6 23. f3 Kf7 24. Nb5 Ra8 25. b4 Na4 26. Rd3 a6 27. Nc3 Nxc3 28. Rxc3 Nd7 29. f4 Ke6 30. Re3+ Kf7 31. Rd3 Rc8 32. Ne3 Ke6 33. g4 Nb8 34. a3 b5 35. Kf3 f5 36. gxf5+ gxf5 37. Kf2 Rc7 38. Rd5 Rc3 39. Re5+ Kf6 40. Nd5+ 1-0

[Event "AUT-chT2M 1718"]
[Site "Austria"]
[Date "2017.11.26"]
[Round "6.5"]
[White "Schein, Karl Heinz"]
[Black "Wanderer, Thomas"]
[Result "1/2-1/2"]
[WhiteElo "2179"]
[BlackElo "2225"]
[PlyCount "75"]
[EventDate "2017.10.27"]
[EventType "team-tourn"]
[EventRounds "11"]
[EventCountry "AUT"]
[SourceTitle "CBM 181 Extra"]
[Source "ChessBase"]
[SourceDate "2017.12.12"]
[SourceVersion "1"]
[SourceVersionDate "2017.12.12"]
[SourceQuality "1"]
[WhiteTeam "Leoben"]
[BlackTeam "Gleisdorf"]
[WhiteTeamCountry "AUT"]
[BlackTeamCountry "AUT"]

1. e4 c5 2. f4 g6 3. Nf3 Bg7 4. Nc3 Nc6 5. Bb5 Nd4 6. Nxd4 cxd4 7. Ne2 a6 8. Bc4 e6 9. d3 b5 10. Bb3 Bb7 11. 0-0 Ne7 12. Qe1 d5 13. e5 Qb6 14. Qf2 Nf5 15. c3 h5 16. Nxd4 Rc8 17. Nxf5 Qxf2+ 18. Rxf2 gxf5 19. Be3 Bf8 20. Bd1 b4 21. Bd4 Bc6 22. Kf1 Bb5 23. Ke2 a5 24. Ke3 Kd7 25. Bf3 h4 26. Rff1 Be7 27. Rfc1 bxc3 28. Bxc3 Bc5+ 29. Bd4 Be7 30. Bb6 a4 31. d4 f6 32. exf6 Bxf6 33. Bc5 Rc7 34. Rc3 Rhc8 35. Rac1 Bc4 36. Rxc4 dxc4 37. Rxc4 Be7 38. Rxa4 1/2-1/2

[Event "AUT-chT2M 1718"]
[Site "Austria"]
[Date "2017.11.25"]
[Round "5.5"]
[White "Danner, Georg"]
[Black "Wanderer, Thomas"]
[Result "1-0"]
[WhiteElo "2283"]
[BlackElo "2225"]
[PlyCount "61"]
[EventDate "2017.10.27"]
[EventType "team-tourn"]
[EventRounds "11"]
[EventCountry "AUT"]
[SourceTitle "CBM 181 Extra"]
[Source "ChessBase"]
[SourceDate "2017.12.12"]
[SourceVersion "1"]
[SourceVersionDate "2017.12.12"]
[SourceQuality "1"]
[WhiteTeam "Pinggau Friedberg"]
[BlackTeam "Gleisdorf"]
[WhiteTeamCountry "AUT"]
[BlackTeamCountry "AUT"]

1. d4 Nf6 2. Nf3 e6 3. e3 b6 4. Bd3 Bb7 5. 0-0 Be7 6. c4 0-0 7. Nc3 d5 8. b3 c5 9. Bb2 Nbd7 10. cxd5 exd5 11. Rc1 Rc8 12. Bf5 a6 13. dxc5 bxc5 14. Na4 Bc6 15. Bxf6 gxf6 16. Nd4 Ne5 17. Qh5 Ng6 18. Bxc8 Bxa4 19. Nf5 Re8 20. Nxe7+ Rxe7 21. bxa4 Qxc8 22. Qxd5 Re5 23. Qd6 Kg7 24. Rc4 Rg5 25. f4 Rh5 26. Qd1 Kh6 27. Qe2 Qe6 28. e4 f5 29. e5 Rh4 30. Re1 Nxe5 31. Rxc5 1-0

[Event "AUT-chT2M 1617"]
[Site "Austria"]
[Date "2017.03.25"]
[Round "10.6"]
[White "Titz, Heimo"]
[Black "Wanderer, Thomas"]
[Result "0-1"]
[WhiteElo "2163"]
[BlackElo "2204"]
[PlyCount "72"]
[EventDate "2016.10.07"]
[EventType "team-tourn"]
[EventRounds "11"]
[EventCountry "AUT"]
[SourceTitle "CBM 177 Extra"]
[Source "ChessBase"]
[SourceDate "2017.04.27"]
[SourceVersion "1"]
[SourceVersionDate "2017.04.27"]
[SourceQuality "1"]
[WhiteTeam "Die Klagenfurter"]
[BlackTeam "Gleisdorf"]
[WhiteTeamCountry "AUT"]
[BlackTeamCountry "AUT"]

1. c4 Nf6 2. Nc3 c5 3. g3 d5 4. cxd5 Nxd5 5. Bg2 Nc7 6. Qa4+ Nd7 7. Nf3 f6 8. d3 e5 9. 0-0 Be7 10. Nd2 Rb8 11. Qb3 Nb6 12. Qc2 Be6 13. b3 Nbd5 14. Nxd5 Nxd5 15. Bb2 b6 16. Rac1 Qd7 17. Rfe1 0-0 18. Ne4 Rfd8 19. Nc3 Nb4 20. Qb1 Rbc8 21. Red1 Bh3 22. Bh1 h5 23. Ne4 h4 24. Nd2 hxg3 25. hxg3 Nd5 26. Qc2 Be6 27. Bg2 Kf7 28. Nf3 Bd6 29. Nd2 Nb4 30. Qb1 Rh8 31. Nf1 Rh6 32. Bc3 Nc6 33. Bd2 Rh5 34. f3 Nd4 35. Kf2 Bh3 36. g4 Rh7 0-1

[Event "AUT-chT2M 1415"]
[Site "Austria"]
[Date "2015.04.19"]
[Round "11.5"]
[White "Theuretzbacher, Klaus"]
[Black "Wanderer, Thomas"]
[Result "1/2-1/2"]
[WhiteElo "2249"]
[BlackElo "2194"]
[PlyCount "62"]
[EventDate "2014.10.03"]
[EventType "team-tourn"]
[EventRounds "11"]
[EventCountry "AUT"]
[SourceTitle "EXT 2016"]
[Source "ChessBase"]
[SourceDate "2015.10.08"]
[SourceVersion "1"]
[SourceVersionDate "2015.10.08"]
[SourceQuality "1"]
[WhiteTeam "St Valentin"]
[BlackTeam "Gleisdorf"]
[WhiteTeamCountry "AUT"]
[BlackTeamCountry "AUT"]

1. e4 c5 2. b3 e6 3. Bb2 d6 4. f4 Nf6 5. d3 Be7 6. Nf3 0-0 7. g3 a6 8. Bg2 b5 9. Nbd2 Bb7 10. Qe2 Qb6 11. 0-0 Nc6 12. Kh1 Nd7 13. Qf2 Bf6 14. Bxf6 Nxf6 15. h3 Nd7 16. h4 Rac8 17. Bh3 Nb4 18. Ne1 d5 19. Bg2 dxe4 20. Nxe4 Nd5 21. Nf3 N7f6 22. Ne5 Rfd8 23. Rae1 Nxe4 24. dxe4 Nf6 25. c3 Qc7 26. Re3 a5 27. Rc1 c4 28. Qe2 Qc5 29. bxc4 Qxc4 30. Rb1 Ba8 31. Bf3 Nd7 1/2-1/2

[Event "AUT-chT2O 1011"]
[Site "Austria"]
[Date "2010.11.27"]
[Round "6"]
[White "Wagner, Stefan"]
[Black "Wanderer, Thomas"]
[Result "1/2-1/2"]
[WhiteElo "2173"]
[BlackElo "2220"]
[PlyCount "76"]
[EventDate "2010.10.02"]
[EventType "team-tourn"]
[EventRounds "11"]
[EventCountry "AUT"]
[SourceTitle "EXT 2012"]
[Source "ChessBase"]
[SourceDate "2011.11.24"]
[SourceVersion "1"]
[SourceVersionDate "2011.11.24"]
[SourceQuality "1"]
[WhiteTeam "Zwettl"]
[BlackTeam "Wulkaprodersdorf"]
[WhiteTeamCountry "AUT"]
[BlackTeamCountry "AUT"]

1. c4 c5 2. g3 Nf6 3. Bg2 d5 4. cxd5 Nxd5 5. Nc3 Nc7 6. Nf3 Nc6 7. 0-0 e5 8. Ne1 Be7 9. Nd3 f6 10. f4 Qd4+ 11. Kh1 0-0 12. fxe5 fxe5 13. Rxf8+ Bxf8 14. Ne4 Be6 15. Ndf2 Rd8 16. e3 Qd7 17. b3 Be7 18. Bb2 Nd5 19. Qe2 b6 20. Rd1 Ndb4 21. Nc3 Rf8 22. d3 Bg5 23. Nce4 Bh6 24. Bc1 Nd5 25. Rf1 g6 26. h4 Nce7 27. g4 Kh8 28. Ng3 a5 29. Bf3 Nc3 30. Qb2 Rxf3 31. Qxc3 Nc6 32. Kg2 Qf7 33. g5 Bg7 34. Qe1 Nb4 35. Qe2 e4 36. dxe4 Rxg3+ 37. Kxg3 Qc7+ 38. Kg2 c4 1/2-1/2

[Event "AUT-chT2O 1011"]
[Site "Austria"]
[Date "2010.10.31"]
[Round "4.5"]
[White "Wiedermann, Daniel"]
[Black "Wanderer, Thomas"]
[Result "1/2-1/2"]
[WhiteElo "2192"]
[BlackElo "2220"]
[PlyCount "36"]
[EventDate "2010.10.02"]
[EventType "team-tourn"]
[EventRounds "11"]
[EventCountry "AUT"]
[SourceTitle "EXT 2011"]
[Source "ChessBase"]
[SourceDate "2010.11.26"]
[SourceVersion "1"]
[SourceVersionDate "2010.11.26"]
[SourceQuality "1"]
[WhiteTeam "Niederabsdorf"]
[BlackTeam "Wulkaprodersdorf"]
[WhiteTeamCountry "AUT"]
[BlackTeamCountry "AUT"]

1. d4 Nf6 2. c4 e6 3. g3 Bb4+ 4. Bd2 Be7 5. Bg2 d5 6. Nf3 0-0 7. 0-0 c6 8. Qc2 b6 9. Nc3 Bb7 10. cxd5 cxd5 11. Bf4 a6 12. Rfc1 Nc6 13. a3 Rc8 14. Qd3 Bd6 15. Bg5 Be7 16. Bf4 Bd6 17. Bg5 Be7 18. Bf4 Bd6 1/2-1/2

[Event "Pula op 24th"]
[Site "Pula"]
[Date "2010.06.22"]
[Round "4"]
[White "Shalnev, Nicolai"]
[Black "Wanderer, Thomas"]
[Result "1-0"]
[WhiteElo "2450"]
[BlackElo "2216"]
[PlyCount "61"]
[EventDate "2010.06.19"]
[EventType "swiss"]
[EventRounds "9"]
[EventCountry "CRO"]
[SourceTitle "CBM 137 Extra"]
[Source "ChessBase"]
[SourceDate "2010.09.01"]
[SourceVersion "1"]
[SourceVersionDate "2010.09.01"]
[SourceQuality "1"]

1. e4 c5 2. Nf3 e6 3. d4 cxd4 4. Nxd4 Bc5 5. Nb3 Bb6 6. Bd3 Ne7 7. 0-0 0-0 8. Qe2 f5 9. Bg5 f4 10. Qg4 f3 11. gxf3 Nbc6 12. f4 Qe8 13. N1d2 e5 14. Qg3 exf4 15. Bxf4 d5 16. exd5 Nxd5 17. Qh4 Rxf4 18. Qxh7+ Kf8 19. Qh8+ Ke7 20. Rae1+ Be6 21. Rxe6+ Kxe6 22. Re1+ Ne5 23. Qh3+ Kd6 24. Kh1 Qh8 25. Qg2 Ng4 26. Nc4+ Rxc4 27. Bxc4 Nxf2+ 28. Kg1 Nf4 29. Re6+ Kd7 30. Qxb7+ Bc7 31. Nc5+ 1-0

[Event "AUT-chT 0708"]
[Site "Austria"]
[Date "2008.03.16"]
[Round "11.3"]
[White "Wegerle, Joerg"]
[Black "Wanderer, Thomas"]
[Result "1/2-1/2"]
[WhiteElo "2415"]
[BlackElo "2226"]
[PlyCount "54"]
[EventDate "2007.11.30"]
[EventType "team"]
[EventRounds "11"]
[EventCountry "AUT"]
[SourceTitle "EXT 2009"]
[Source "ChessBase"]
[SourceDate "2008.11.26"]
[SourceVersion "1"]
[SourceVersionDate "2008.11.26"]
[SourceQuality "1"]
[WhiteTeam "Absam"]
[BlackTeam "Gleisdorf"]
[WhiteTeamCountry "AUT"]
[BlackTeamCountry "AUT"]

1. e4 c5 2. Nf3 e6 3. d4 cxd4 4. Nxd4 a6 5. Nc3 Qc7 6. Bd3 Nf6 7. Qe2 d6 8. f4 Nbd7 9. a4 b6 10. 0-0 Bb7 11. Kh1 Be7 12. Bd2 h5 13. Nd1 h4 14. Nf2 Nh5 15. Nh3 Bf6 16. Bc3 Nc5 17. Ra3 Rc8 18. b4 Nxd3 19. cxd3 Qd7 20. Bb2 g6 21. Nf3 a5 22. bxa5 bxa5 23. Nxh4 Ke7 24. Nf3 Bc6 25. Bxf6+ Nxf6 26. Qd2 Qa7 27. Nf2 Rb8 1/2-1/2

[Event "AUT-chT 0708"]
[Site "Austria"]
[Date "2008.03.15"]
[Round "10.5"]
[White "Wanderer, Thomas"]
[Black "Genser, Harald"]
[Result "1/2-1/2"]
[WhiteElo "2226"]
[BlackElo "2351"]
[PlyCount "46"]
[EventDate "2007.11.30"]
[EventType "team"]
[EventRounds "11"]
[EventCountry "AUT"]
[SourceTitle "EXT 2009"]
[Source "ChessBase"]
[SourceDate "2008.11.26"]
[SourceVersion "1"]
[SourceVersionDate "2008.11.26"]
[SourceQuality "1"]
[WhiteTeam "Gleisdorf"]
[BlackTeam "Klagenfurt"]
[WhiteTeamCountry "AUT"]
[BlackTeamCountry "AUT"]

1. e4 c5 2. Nc3 Nc6 3. g3 g6 4. Bg2 Bg7 5. d3 d6 6. Be3 Rb8 7. Qd2 b5 8. Nge2 b4 9. Nd1 Nd4 10. 0-0 e6 11. Nc1 Ne7 12. c3 bxc3 13. bxc3 Ndc6 14. Bh6 0-0 15. Bxg7 Kxg7 16. Ne3 Qc7 17. Rd1 e5 18. Ne2 Ba6 19. Rab1 Rxb1 20. Rxb1 Rb8 21. Rxb8 Qxb8 22. Qc2 Qb6 23. Nc1 Na5 1/2-1/2

[Event "AUT-chT 0708"]
[Site "Austria"]
[Date "2008.03.14"]
[Round "9.5"]
[White "Alvir, Aco"]
[Black "Wanderer, Thomas"]
[Result "1/2-1/2"]
[WhiteElo "2362"]
[BlackElo "2226"]
[PlyCount "63"]
[EventDate "2007.11.30"]
[EventType "team"]
[EventRounds "11"]
[EventCountry "AUT"]
[SourceTitle "EXT 2009"]
[Source "ChessBase"]
[SourceDate "2008.11.26"]
[SourceVersion "1"]
[SourceVersionDate "2008.11.26"]
[SourceQuality "1"]
[WhiteTeam "Pamhagen"]
[BlackTeam "Gleisdorf"]
[WhiteTeamCountry "AUT"]
[BlackTeamCountry "AUT"]

1. e4 c5 2. Nf3 e6 3. d4 cxd4 4. Nxd4 a6 5. Bd3 Qc7 6. Qe2 d6 7. c4 Nf6 8. Nc3 Be7 9. 0-0 Nbd7 10. f4 0-0 11. Kh1 b6 12. Bd2 Bb7 13. Rae1 Rfd8 14. b4 Rac8 15. a3 Qb8 16. Rf3 Bf8 17. Rg3 Kh8 18. Nf3 g6 19. Rh3 Kg8 20. Ng5 h6 21. Nf3 Bg7 22. Nd1 a5 23. Nf2 axb4 24. axb4 h5 25. Ng5 Qa8 26. Rg3 e5 27. f5 gxf5 28. Rh3 Nf8 29. Rxh5 Nxh5 30. Qxh5 Rc7 31. Be3 fxe4 32. Ngxe4 1/2-1/2